| 000 | 00693nam a22002657a 4500 | ||
|---|---|---|---|
| 003 | OSt | ||
| 005 | 20140310181734.0 | ||
| 008 | 130319t xxu||||| |||| 00| 0 eng d | ||
| 020 | _a9710867164 | ||
| 050 |
_aG 2390 _b.At881 2006 |
||
| 082 |
_aTR 912 _bAt6 2006 |
||
| 245 |
_aAtlas of the Philippines and the world : _bfor high school / |
||
| 260 |
_aMandaluyong City : _bNational Book Store, _cc2006. |
||
| 300 |
_a91 p. _bcol. : ill. ; maps ; _c26 cm. |
||
| 521 | _aFaculty | ||
| 541 | _j1 | ||
| 541 | _j2 | ||
| 541 | _j3 | ||
| 541 | _j4 | ||
| 541 | _j5 | ||
| 541 | _j6 | ||
| 562 | _e6 | ||
| 650 |
_aAtlas _91520 |
||
| 942 |
_2lcc _cBK-TR _kTR |
||
| 999 |
_c2504 _d2504 |
||